000 00698cam a2200217 a 4500
001 000006440
005 20200929153930.0
008 920902s1991 cu a 001 0 spa
040 _aDO-SdBNP
_bspa
_cBNPHU
082 _ann
_bP386w
100 1 _aPellegrini, Marcos A.,
_d1962-
_917879
245 1 0 _aWadubari /
_cMarcos A. Pellegrini ; traducción, Julia Calzadilla Núñez.
260 _aLa Habana, Cuba :
_bCasa de las Américas,
_c1991.
300 _a132 p. :
_bil. ;
_c19 cm.
490 1 _aTestimonio
586 _aPremio prize.
650 0 _aYanomamo indians.
_917880
650 0 _aYanomamo language.
_917881
700 1 _aCalzadilla Núñez, Julia,
_etr.
_917882
830 0 _aTestimonio.
_916115
999 _c6235
_d6235